CHALLENGE 29 - Statistics

General Stats
  • This quiz has been taken 11 times
  • The average score is 7 of 10
Answer Stats
Hint Answer % Correct
Kathmandu 1353 / Dushanbe 666 D
89%
Astana 2571 / Beijing 1171 O
89%
Managua 815 / Kingston 1043 N
78%
Kuala Lumpur 317 / Bandar 1295 N
78%
Seoul 1156 / Manila 2991 T
78%
Ankara 1111 / Rome 2126 F
67%
Copenhagen 624 / Bern 634 I
67%
Lusaka 1791 / Libreville 1106 E
56%
Buenos Aires 1035 / Brasilia 1466 E
56%
London 358 / Warsaw 1098 H
56%
No matching quizzes found
Score Distribution
Percent of People with Each Score
Percentile by Number Answered
Your Score History
You have not taken this quiz